[Event "CZE-chT2C 1718"]
[Site "Czech Republic"]
[Date "2017.12.03"]
[Round "4.7"]
[White "Hejda, Martin"]
[Black "Valtr, Tomas"]
[Result "0-1"]
[WhiteElo "1723"]
[BlackElo "1926"]
[PlyCount "76"]
[EventDate "2017.10.15"]
[EventType "team-tourn"]
[EventRounds "11"]
[EventCountry "CZE"]
[SourceTitle "EXT 2022"]
[Source "ChessBase"]
[SourceDate "2021.10.06"]
[SourceVersion "1"]
[SourceVersionDate "2021.10.06"]
[SourceQuality "1"]
[WhiteTeam "Ceske Budejovice"]
[BlackTeam "Praha Eurovia"]
[WhiteTeamCountry "CZE"]
[BlackTeamCountry "CZE"]

1. e4 c6 2. d4 d5 3. e5 Bf5 4. Nf3 e6 5. Bd3 Bxd3 6. Qxd3 Ne7 7. Bd2 Nf5 8. Nc3 Nd7 9. Ne2 Be7 10. Ng3 g6 11. Nxf5 gxf5 12. h4 h6 13. 0-0-0 Qc7 14. Rdg1 0-0-0 15. g4 fxg4 16. Rxg4 c5 17. Be3 cxd4 18. Bxd4 Bc5 19. Rg7 Rdf8 20. Rhg1 Bxd4 21. Qxd4 Kb8 22. Qf4 Nc5 23. Kb1 a6 24. R1g3 Ne4 25. Rg2 Qc4 26. Qc1 Nc5 27. a3 Ne4 28. h5 Qc7 29. Qe3 Rc8 30. c3 Rcf8 31. Nd4 Rc8 32. Nxe6 Qxe5 33. Nd4 Qxh5 34. Qf4+ Ka8 35. Qxf7 Qxf7 36. Rxf7 Rcf8 37. Rgg7 Rxf7 38. Rxf7 h5 0-1